| 000 | 00345nam a2200145Ia 4500 | ||
|---|---|---|---|
| 008 | 230312s9999||||xx |||||||||||||| ||und|| | ||
| 020 | _a1-4027-5367-5 | ||
| 082 |
_a720.19 _bLEI-1 |
||
| 100 | _aLeinhauser; Jean | ||
| 245 | 0 | _a100 Crochet Projects | |
| 260 |
_bSterling _aLondon _c2006 |
||
| 300 | _a251 | ||
| 650 | _aArchitecture | ||
| 942 | _cBK | ||
| 999 |
_c11666 _d11666 |
||